Т. 1: Основы металлографии. Теория кристаллизации металлов и сплавов и понятие о металлографических методах их изучения.; Курс общей металлографии

Podrobná bibliografie
Parent link:Курс общей металлографии: учебное пособие в 2 т./ Г. А. Кащенко. Т. 1: Основы металлографии. Теория кристаллизации металлов и сплавов и понятие о металлографических методах их изучения..— , 1934-
Jazyk:ruština
Vydáno: 1934
Témata:
Médium: MixedMaterials Kniha
KOHA link:https://koha.lib.tpu.ru/cgi-bin/koha/opac-detail.pl?biblionumber=196677

MARC

LEADER 00000nam2a2200000 4500
001 196677
005 20231031183207.0
035 |a (RuTPU)RU\TPU\book\214551 
090 |a 196677 
100 |a 20110526d1934 m y0rusy50 ca 
101 0 |a rus 
102 |a RU 
105 |a a j 001zy 
200 0 |a Т. 1: Основы металлографии. Теория кристаллизации металлов и сплавов и понятие о металлографических методах их изучения. 
210 |d 1934 
215 |a 235 с.  |c ил. 
320 |a Библиогр. в конце гл. 
461 1 |0 (RuTPU)RU\TPU\book\217952  |t Курс общей металлографии  |o учебное пособие в 2 т.  |f Г. А. Кащенко  |v Т. 1: Основы металлографии. Теория кристаллизации металлов и сплавов и понятие о металлографических методах их изучения.  |d 1934- 
610 1 |a металлография 
610 1 |a учебные пособия 
610 1 |a кристаллизация 
610 1 |a металлы 
610 1 |a сплавы 
610 1 |a металлографические методы 
610 1 |a изучение 
610 1 |a диаграммы состояний 
610 1 |a физико-химический анализ 
801 1 |a RU  |b 63413507  |c 20110526 
801 2 |a RU  |b 63413507  |c 20110829  |g RCR 
942 |c BK